000 00568nam a2200205Ia 4500
008 170203s9999 xx 000 0 und d
020 _a0 71728560x
050 _a0 30
050 _bG875 1999
100 _aJones,Graham.
245 _aUsing the Internet :
245 _bHow to get started and find what you want for business, education, and pleasure /
250 _aDeluxe edtion.
260 _aHongkong : 
260 _bGrolier International Inc.
260 _c1999
300 _a120 pages :
300 _c24 cm.
440 _aGrolier Business Library.
999 _c305870
_d305870